000 00630nam a22001937a 4500
005 20251108173104.0
008 250721s2001 xx 000 0 ara d
082 1 4 _a616.13/صقر
100 1 _aصقر، هالة
245 1 0 _a77 سؤالاً وجواباً عن ضغط الدم المرتفع والمنخفض : مرض الكبار والصغار وكل الأعمار /
264 1 _aالقاهرة :
_bمكتبة القران،
_c2001.
300 _a63ص
650 1 7 _aالأمراض
650 1 7 _aالدم
650 1 7 _aضغط الدم
650 1 7 _aالدورة الدموية
942 _2ddc
_cBK
999 _c95768
_d95768